Informe de Tutela Legal del Arzobispado sobre violaciones a la vida y otros derechos fundamentales

Enregistré dans:
Détails bibliographiques
Format: Texte
Sujets:
Tags: Ajouter un tag
Pas de tags, Soyez le premier à ajouter un tag!

MARC

LEADER 00000 a a2200000 04500
001 6768
003
040
245 |a Informe de Tutela Legal del Arzobispado sobre violaciones a la vida y otros derechos fundamentales  
650 |a VIOLACION A LOS DERECHOS HUMANOS  
650 |a EL SALVADOR  
773 |g volumen 27, número 1203; páginas 9-16  
999 |c 32819  |d 32819